000 00457nam a2200157Ia 4500
003 GCL
008 140319s9999 xx 000 0 eng d
040 _aGCL /
_cGCL
082 0 4 _a959.95
_bM M
100 1 _aTHE MINISTRY OF CULTURE AND TOURISM
245 1 0 _aMELODIES OF THE VALLEY OF ROSES /
_cTHE MINISTRY OF CULTURE AND TOURISM
260 _a[S.N] :
_bTHE MINISTRY OF CULTURE ،
_c1965
650 0 4 _aDESCRIPTION
650 0 4 _aMELODIES
942 _2ddc
_cBK
999 _c12105
_d12105